000 00612nam a2200193Ia 4500
003 IN-BaIIA
008 211028s9999 xx 000 0 eng d
040 _cIIA Library
080 _a016:524
_bABT
100 _aAbt, Helmut A
_910299
245 0 _aBibliography of Stellar Radial Velocities
_cHelmut A. Abt and Eleanor S. Biggs.
260 _aNew York
_bLatham Process Corp
_c1972
300 _avii, 502p.
650 _aAstronomy and Astrophysics Thesaurus
650 _aBibliography-Stellar structure
_910300
650 _aStellar Structure-Velocity
_910301
700 _aBiggs, Eleanor S.
_910302
942 _cBK
999 _c5940
_d5940